000 00663nam a2200229Ia 4500
003 OSt
005 20220927105429.0
006 a|||||r|||| 00| 0
007 ta
008 220926b |||||||| |||| 00| 0 eng d
024 _a172472
037 _cReference Collections
040 _aRTL
_cRTL
_beng
041 _2eng
_aeng
082 _a"V2,3p. P05a, P5"
245 0 _aIndex to lok sabha debates
_b Fourth session of the fourteenth sabha.
260 _aNew
_bDelhi Lok sabha secretariat
_c2005
300 _aiii; 1303p.
_ccm.
490 _aFourteenth series
942 _h"V2,3p. P05a, P5"
_cCC
999 _c692493
_d692493